Piłkarz, siatkarz, koszykarz czy skoczek narciarski? #8 - Statystyki

Ogólne statystyki
  • Ten quiz został rozwiązany 65 razy
  • Średni wynik to 13 z 15
Statystyki odpowiedzi
Zagadnienie Odpowiedź % Poprawnych
Który sport uprawiał Kobe Bryant? Koszykówka
97%
Który sport uprawia Michał Pazdan? Piłka nożna
97%
Który sport uprawia Ferran Torres? Piłka nożna
97%
Który sport uprawia Jamal Musiala? Piłka nożna
97%
Który sport uprawia Johann André Forfang? Skoki narciarskie
97%
Który sport uprawia Bukayo Saka? Piłka nożna
95%
Który sport uprawia Simone Giannelli? Siatkówka
95%
Który sport uprawia Gregor Deschwanden? Skoki narciarskie
95%
Który sport uprawia Władimir Zografski? Skoki narciarskie
90%
Który sport uprawiał Marcin Możdżonek? Siatkówka
85%
Który sport uprawia Jakub Wolny? Skoki narciarskie
85%
Który sport uprawia Maciej Lampe? Koszykówka
82%
Który sport uprawia Erik Shoji? Siatkówka
75%
Który sport uprawiał Łukasz Koszarek? Koszykówka
70%
Który sport uprawia Taylor Averill? Siatkówka
38%
Nie znaleziono quizów pasujących do podanych kryteriów
Rozkład punktacji
Procent ludzi z każdym wynikiem
Percentyl według liczby udzielonych odpowiedzi
Twoja historia wyników
Nie rozwiązałeś tego quizu